[Event "FRA Cup"]
[Site "Hautes Pyrenees"]
[Date "2002.12.15"]
[Round "2"]
[White "Gossieaux, Benoit"]
[Black "Cordier, Quentin"]
[Result "1-0"]
[WhiteElo "1230"]
[BlackElo "1100"]
[PlyCount "35"]
[EventDate "2002.12.15"]
[EventType "team"]
[EventRounds "3"]
[EventCountry "FRA"]
[SourceTitle "EXT 2004"]
[Source "ChessBase"]
[SourceDate "2003.11.25"]
[SourceVersion "1"]
[SourceVersionDate "2003.11.25"]
[SourceQuality "1"]

1. e4 e5 2. Bc4 Nf6 3. d3 Nc6 4. Nf3 Bc5 5. Bg5 0-0 6. 0-0 d6 7. h3 h6 8. Bh4 Nd4 9. Nc3 Qe7 10. Nd5 Qd8 11. c3 Nc6 12. b4 Bb6 13. Qc1 a5 14. Nxf6+ gxf6 15. Qxh6 Re8 16. Bxf6 Qxf6 17. Qxf6 Kf8 18. Qxf7# 1-0